The Annenbergs / (Record no. 15309)
[ view plain ]
| 000 -CABECERA | |
|---|---|
| campo de control de longitud fija | 00985cam a2200277 a 4500 |
| 001 - NÚMERO DE CONTROL | |
| campo de control | 000015761 |
| 005 - FECHA Y HORA DE LA ÚLTIMA TRANSACCIÓN | |
| campo de control | 20200929164138.0 |
| 008 - DATOS DE LONGITUD FIJA--INFORMACIÓN GENERAL | |
| campo de control de longitud fija | 811116s1982 nyua b 001 0ceng d |
| 020 ## - NÚMERO INTERNACIONAL ESTÁNDAR DEL LIBRO | |
| Número Internacional Estándar del Libro | 0671421050 |
| 040 ## - FUENTE DE LA CATALOGACIÓN | |
| Centro catalogador/agencia de origen | DO-SdBNP |
| Centro/agencia transcriptor | sps |
| Centro/agencia modificador | BNPHU |
| 050 00 - SIGNATURA TOPOGRÁFICA DE LA BIBLIOTECA DEL CONGRESO | |
| Número de clasificación | PN4874.A56 |
| Número de documento/Ítem | C66 1982 |
| 082 00 - NÚMERO DE LA CLASIFICACIÓN DECIMAL DEWEY | |
| Número de clasificación | 070.5/092/2 |
| Número de documento/Ítem | C775a |
| 049 ## - FONDOS LOCALES (OCLC) | |
| Fondos de biblioteca | BNGR |
| 100 1# - ENTRADA PRINCIPAL--NOMBRE DE PERSONA | |
| Nombre de persona | Cooney, John. |
| 9 (RLIN) | 35460 |
| 245 14 - MENCIÓN DE TÍTULO | |
| Título | The Annenbergs / |
| Mención de responsabilidad, etc. | John Cooney. |
| 260 ## - PUBLICACIÓN, DISTRIBUCIÓN, ETC. | |
| Lugar de publicación, distribución, etc. | New York : |
| Nombre del editor, distribuidor, etc. | Simon and Schuster, |
| Fecha de publicación, distribución, etc. | 1982. |
| 300 ## - DESCRIPCIÓN FÍSICA | |
| Extensión | 428 p. : |
| Otras características físicas | il. ; |
| Dimensiones | 24 cm. |
| 500 ## - NOTA GENERAL | |
| Nota general | Incluye referencias bibliográficas e índice. |
| 600 10 - PUNTO DE ACCESO ADICIONAL DE MATERIA--NOMBRE DE PERSONA | |
| Nombre de persona | Annenberg, Walter H., |
| Fechas asociadas al nombre | 1908-2002. |
| 9 (RLIN) | 35461 |
| 600 10 - PUNTO DE ACCESO ADICIONAL DE MATERIA--NOMBRE DE PERSONA | |
| Nombre de persona | Annenberg, Moses Louis, |
| Fechas asociadas al nombre | 1878-1942. |
| 9 (RLIN) | 35462 |
| 650 #0 - PUNTO DE ACCESO ADICIONAL DE MATERIA--TÉRMINO DE MATERIA | |
| Término de materia o nombre geográfico como elemento de entrada | Journalists |
| Subdivisión geográfica | United States |
| Subdivisión de forma | Biography. |
| 9 (RLIN) | 35463 |
| 650 #0 - PUNTO DE ACCESO ADICIONAL DE MATERIA--TÉRMINO DE MATERIA | |
| Término de materia o nombre geográfico como elemento de entrada | Publishers and publishing |
| Subdivisión geográfica | United States |
| Subdivisión de forma | Biography. |
| 9 (RLIN) | 35464 |
| 650 #0 - PUNTO DE ACCESO ADICIONAL DE MATERIA--TÉRMINO DE MATERIA | |
| Término de materia o nombre geográfico como elemento de entrada | Ambassadors |
| Subdivisión geográfica | United States |
| Subdivisión de forma | Biography. |
| 9 (RLIN) | 35465 |
| 650 #0 - PUNTO DE ACCESO ADICIONAL DE MATERIA--TÉRMINO DE MATERIA | |
| Término de materia o nombre geográfico como elemento de entrada | Philanthropists |
| Subdivisión geográfica | United States |
| Subdivisión de forma | Biography. |
| 9 (RLIN) | 35466 |
| 910 ## - DATOS DE OPCIÓN DEL USUARIO (OCLC) | |
| Datos de opción del usuario | Catalogación por copia / LC |
| Estado de retiro | Estado de pérdida | Restricciones de uso | No para préstamo | Código de colección | Localización permanente | Ubicación/localización actual | Ubicación en estantería | Fecha de adquisición | Número de inventario | Total de préstamos | Signatura topográfica completa | Código de barras | Fecha visto por última vez | Precio válido a partir de | Tipo de ítem Koha |
|---|---|---|---|---|---|---|---|---|---|---|---|---|---|---|---|
| Monografías: Libros y Folletos | General | General | En catalogación | 17.02.2010 | LF1 | 070.5/092/2 C775a | 15761-10 | 25.06.2020 | 25.06.2020 | Préstamo en sala |
